Τα παιδιά του εμφυλίου : από την "κοινωνική πρόνοια" του Φράνκο στον "Έρανο" της Φρειδερίκης (1936-1950)

Αποθηκεύτηκε σε:
Λεπτομέρειες βιβλιογραφικής εγγραφής
Κύριος συγγραφέας: Χασιώτης, Λουκιανός
Μορφή: Βιβλίο
Γλώσσα:Greek
Δημοσίευση: Αθήνα : Βιβλιοπωλείον της Εστίας, 2013.
Σειρά:Ιστορία και πολιτική (Εστία)
Θέματα:
Ετικέτες: Προσθήκη ετικέτας
Δεν υπάρχουν, Καταχωρήστε ετικέτα πρώτοι!

MARC

LEADER 00000cam a2200000 i 4500
001 1/50581
008 140702s2013 gr | ||| |||| ||gre||
020 |a 9789600515909 
035 |l 10118185 
040 |a GR-MY-UA  |b gre  |e aacr 
041 0 |a gre 
082 7 |a 305.2309495   |2 (23) 
100 1 |a Χασιώτης, Λουκιανός. 
245 1 3 |a Τα παιδιά του εμφυλίου :   |b από την "κοινωνική πρόνοια" του Φράνκο στον "Έρανο" της Φρειδερίκης (1936-1950) /   |c Λουκιανός Χασιώτης.  
260 |a Αθήνα :   |b Βιβλιοπωλείον της Εστίας,   |c 2013.  
300 |a 363 σ. ;   |c 24 εκ. 
490 1 |a (Ιστορία και πολιτική / Εστία) 
500 |a Περιλαμβάνει βιβλιογραφικές παραπομπές.  
650 0 0 |a Children and war  |z Greece  |y 1944-1949. 
651 0 |a Greece  |x History  |y Civil War, 1944-1949  |x Children. 
830 0 |a Ιστορία και πολιτική (Εστία) 
852 |a INST  |b LESVOS  |e 20140702  |h 305.2309495 ΧΑΣ  |p 005100054592  |q 005100054592  |t BK  |y 0 
901 |a BIBL1-2014-2 
909 |a Λ  |b 189717 
922 |a 1ΕΛΗ  |b 201406  |c ΤΜΗΜΑ ΚΟΙΝΩΝΙΚΗΣ ΑΝΘΡΩΠΟΛΟΓΙΑΣ ΚΑΙ ΙΣΤΟΡΙΑΣ  |d ΙΩΑΝΝΙΔΟΥ 
970 |a ΤΖΑΦΕΡΗ  |b ΕΥΑΓΓΕΛΙΑ  |z 2014/07/02